Biblioteca

A history of early Christian doctrine before the council of Nicaea (Registro nro. 45749)

Detalles MARC
000 -LÍDER
Campo fijo de descripción fija 02405aam a2200325 4500
001 - NÚMERO DE CONTROL
Campo de control 19384
003 - IDENTIFICADOR DEL NÚMERO DE CONTROL
Campo de control CO-MdFUSB
005 - FECHA Y HORA DE LA ULTIMA TRANSACCIÓN
control field 20190202100233.0
008 - ELEMENTOS DE LONGITUD FIJA -- INFORMACIÓN GENERAL
Campo fijo de descripción fija -- Información general 170227t1964 enk||||f |||| 00| 0 eng d
040 ## - FUENTE DE CATALOGACIÓN
Agencia de catalogación original CO-MdFUSB
Idioma de catalogación spa
Agencia que realiza la transcripción CO-MdFUSB
Agencia que realiza la modificación CO-MdFUSB
Convenciones de la descripción rda
041 ## - CÓDIGO DE IDIOMA
Código de idioma para texto/pista de sonido o título separado eng
082 ## - NÚMERO DE CLASIFICACIÓN DECIMAL DEWEY
Número de la edición del Dewey 24
Número de clasificación G 270.1
Clave de autor-Numero de item H673h
100 1# - ASIENTO PRINCIPAL--NOMBRE PERSONAL
Nombre personal Daniélou, Jean
Término relacionador autor
245 02 - TÍTULO
Título del Material A history of early Christian doctrine before the council of Nicaea
Mención de responsabilidad, etc. / Jean Daniélou ; Translado y editado por John A. Baker
264 #1 - PRODUCCIÓN, PUBLICACIÓN, DISTRIBUCIÓN, MANUFACTURA, Y COPYRIGHT
Lugar de producción, publicación, distribución, manufactura London :
Nombre del productor, publicador, distribuidor Darton, Longman & Todd,
Fecha de producción, publicación, distribución, manufactura, o copyright ℗1964
264 #4 - PRODUCCIÓN, PUBLICACIÓN, DISTRIBUCIÓN, MANUFACTURA, Y COPYRIGHT
Fecha de producción, publicación, distribución, manufactura, o copyright ©1964
300 ## - DESCRIPCIÓN FÍSICA
Extensión xvi, 2 volúmenes , 446 ; 540 páginas
Dimensiones ; 22 cm.
336 ## - TIPO DE CONTENIDO
Fuente rdacontent
Término de tipo de contenido
Código de tipo de contenido
337 ## - TIPO DE MEDIO
Fuente rdamedia
Nombre del tipo de medio
Código del tipo de medio
338 ## - TIPO DE SOPORTE
Fuente rdacarrier
Nombre del tipo de soporte
Código Tipo de soporte
490 2# - MENCIÓN DE SERIE
Mención de serie A History of early Christian doctrine before the Council of Nicaea
500 ## - NOTA GENERAL
Nota General Títulos originales en francés: Vol. 1, Théologie du judéo-christianisme ; Vol. 2, Message évangélique et culture hellénistique aux IIe et IIIe siècle
501 ## - NOTA DE “CON”
Nota de Contenido Incluye índices (Vol. 1, p. 425-446 ; Vol. 2, p. 515-540)
505 00 - NOTA DE CONTENIDO
Nota de contenido con formato preestablecido Volumen 1: La teología del judaísmo cristiano -- La teología del cristianismo judío -- El patrimonio literario del cristianismo judío -- Cristianismo heterodoxo judío -- La exégesis cristiana judía - La trinidad y angelología -- El Hijo de Dios - Apocalíptico judeocristiano -- La teología de la encarnación -- La teología de la redención -- La iglesia -- El Bautismo y la Eucaristía -- La organización de la comunidad -- La santidad personal -- El milenarismo
505 00 - NOTA DE CONTENIDO
Nota de contenido con formato preestablecido Volumen 2: Mensaje del evangelio y cultura helenistíco -- Literatura misionera -- La sabiduría de los gentiles -- Homero en los padres de la iglesia -- Platón en el platonismo medio cristiano -- Aristóteles y apologética cristiana -- La tradición apostólica -- El contenido de la catequesis -- Justino y el Antiguo Testamento - Exégesis en Ireneo y Melito -- Clemente de Alejandría como exégeta -- Hipólito y la ampliación de la tipología -- Método exegético de Orígenes -- Tipología y retórica en Metodio -- Filosofía y teología -- La trascendencia de Dios -- La persona de la palabra - Problemas de la antropología -- Demonología -- Gnosis en Clemente de Alejandría -- Gnosis en Orígenes.
540 ## - NOTA DE CONDICIONES DE USO Y REPRODUCCION
Términos que regulan el uso y reproducción Pasta dura
650 #0 - ASIENTO SECUNDARIO DE MATERIA - TERMINO TEMÁTICO
Término temático o nombre geográfico como elemento de entrada Teología doctrinal
Subdivisión general Historia
9 (RLIN) 159
942 ## - TIPO DE MATERIAL (KOHA)
Tipo de Item KOHA Libros General
Existencias
Estado de Material Estado de Perdido Forma de Clasificación Volumen-Parte/Tomo Estado de Dañado No para Préstamo Colección Tomo Biblioteca de Origen Biblioteca Permanente Fecha de Adquisición Total de Préstamos Signatura Topográfica Código de Barras Última vez visto Ejemplar/Existencia Fecha de Remplazo Tipo de Material
    Dewey Decimal Classification Vol. 1     Colección General   Biblioteca FUSBC Biblioteca FUSBC 08/04/2015   G 270.1 H673h 19436 12/12/2019 Ej. 1 26/01/2016 Libros General
    Dewey Decimal Classification Vol. 2     Colección General   Biblioteca FUSBC Biblioteca FUSBC 08/04/2015   G 270.1 H673h 19437 12/12/2019 Ej. 1 26/01/2016 Libros General

Biblioteca FUSBC | Teléfono: (57+4) 349 88 10 Ext. 141| WhatsApp (+57) 3005338115 
E-mail: biblioteca@unisbc.edu.co | Calle 76 87-14 Robledo Palenque, Medellín, Colombia

Con tecnología Koha